Statystyki dla Państwa nazwane na cześć ludzi

Kliknij tutaj aby rozwiązać quiz!

Ogólne statystyki

  • Ten quiz został rozwiązany 692 razy
  • Średni wynik to 6 z 14

Statystyki odpowiedzi

OsobaKraj% Poprawnych
Św. DominikDominikana
88%
Kapitan John MarshallWyspy Marshalla
81%
Simon BolivarBoliwia
80%
NicaroaNikaragua
75%
Jean Moreau de SéchellesSeszele
64%
Amerigo VespucciStany Zjednoczone
59%
Filip II HabsburgFilipiny
50%
Król Mswati IIEswatini
44%
św. Łucja z SyrakuzSaint Lucia
32%
Muhammad ibn Su’udArabia Saudyjska
27%
Öz Beg KhanUzbékistan
18%
Maurycy Orański, książę NassauMauritius
16%
Jezus ChrystusSalwador
7%
Kapitan Thomas GilbertKiribati
3%

Rozkład punktacji

Percentyl według liczby udzielonych odpowiedzi

Procent ludzi z każdym wynikiem

Twoja historia wyników

Nie rozwiązałeś tego quizu